| 000 | 00000nam##2200000za#4500 |
| 001 | 9.624856 |
| 003 | CaOODSP |
| 005 | 20200327181701 |
| 007 | ta |
| 008 | 150406|1998||||xxc||||| f|0| 0 fre|d |
| 020 | |a0-662-83161-6 |
| 040 | |aCaOODSP|bfre |
| 043 | |an-cn--- |
| 086 | 1 |aF21-6/1998-10F |
| 110 | 1 |aCanada.|bMinistère des finances.|bGroupe de travail sur l'avenir du secteur des services financiers canadien. |
| 245 | 13|aLe financement des petites entreprises axées sur le savoir / |cPréparé par le Groupe Secor Inc. |
| 260 | |aOttawa - Ontario : |bFinances Canada. |c1998. |
| 300 | |a51p. : |bgraphiques, tableaux ; |c28 cm. |
| 490 | 1 |aDocument de recherche préparé pour le Groupe de travail sur l'avenir du secteur des services financiers canadien |
| 500 | |aN.B.: Le numéro de catalogue (BT22-61/3-1998F-10) imprimé dans cette publication est incorrect. |
| 563 | |aCouverture souple |
| 590 | |a98-45|b1998-11-06 |
| 691 | 07|aPetite entreprise|2gcpds |
| 691 | 07|aFinances|2gcpds |
| 775 | 08|tFinancing knowledge-based small business / |w(CaOODSP)9.614538 |
| 776 | 0#|tLe financement des petites entreprises axées sur le savoir / |w(CaOODSP)9.602682 |
| 830 | #0|aDocument de recherche préparé pour le Groupe de travail sur l'avenir du secteur des services financiers canadien.|w(CaOODSP)9.513003 |